书目信息 |
| 题名: |
中国可持续发展总纲
|
|
| 作者: | 路甬祥 总主编 ;牛文元 主编 | |
| 分册: | 第1卷 中国可持续发展总论 | |
| 出版信息: | 北京 科学出版社 2007 |
|
| 页数: | 463页 | |
| 开本: | 31cm | |
| 丛书名: | ||
| 单 册: | ||
| 中图分类: | X22 | |
| 科图分类: | ||
| 主题词: | 可持续发展--研究--中国 | |
| 电子资源: | ||
| ISBN: | 978-7-03-018099-5 | |
| 000 | 00987nam0 2200277 45 | |
| 001 | 012004116496 | |
| 005 | 20070805150434.12 | |
| 009 | 012004116496 | |
| 010 | @a978-7-03-018099-5@b精装@dCNY105.00 | |
| 035 | @a(110020)012007007944 | |
| 100 | @a20070313d2007 em y0chiy0110 ea | |
| 101 | 0 | @achi |
| 102 | @aCN@b110000 | |
| 105 | @aa z 000yy | |
| 106 | @ar | |
| 200 | 1 | @a中国可持续发展总纲@Azhong guo ke chi xu fa zhan zong gang@h第1卷@i中国可持续发展总论@Izhong guo ke chi xu fa zhan zong lun@f路甬祥总主编@Flu yong xiang zong zhu bian@g牛文元主编@Gniu wen yuan zhu bian |
| 210 | @a北京@c科学出版社@d2007 | |
| 215 | @a463页@c图@d31cm | |
| 300 | @a“十一五”国家重点图书出版规划项目 | |
| 304 | @a英文共同题名:The overview of China's sustainable development | |
| 606 | 0 | @a可持续发展@x研究@y中国 |
| 690 | @aX22@v4 | |
| 701 | 0 | @a路甬祥@Alu yong xiang@f(1942~)@4总主编 |
| 702 | 0 | @a牛文元@Aniu wen yuan@4主编 |
| 801 | 0 | @aCN@b110020@c20070805 |
| 905 | @dX22@e113:1@f1 | |
| 中国可持续发展总纲.第1卷.中国可持续发展总论/路甬祥总主编/牛文元主编.-北京:科学出版社,2007 |
| 463页:图;31cm |
| “十一五”国家重点图书出版规划项目 |
| ISBN 978-7-03-018099-5(精装):CNY105.00 |
| ● |
| 相关链接 |
|
|
|
|
正题名:中国可持续发展总纲
索取号:X22/113:1
 
预约/预借
| 序号 | 登录号 | 条形码 | 馆藏地/架位号 | 状态 | 备注 |
| 1 | 0852942 | 208529421 | 第二样本阅览室/ [索取号:X22/113:1] | 在馆 |